[Event "Remote email"]
[Site "Remote email"]
[Date "2014.01.20"]
[Round "?"]
[White "Balluff, Curt"]
[Black "Bokmeier, Johannes"]
[Result "1-0"]
[WhiteElo "2077"]
[BlackElo "2000"]
[PlyCount "31"]
[EventDate "2014.??.??"]
[EventType "tourn (corr)"]
[EventRounds "6"]
[EventCountry "GER"]
[SourceTitle "Corr 2015"]
[Source "ChessBase"]
[SourceDate "2015.07.17"]
[SourceVersion "1"]
[SourceVersionDate "2015.07.17"]
[SourceQuality "1"]

1. e4 g6 2. d4 Bg7 3. Nc3 e5 4. dxe5 Bxe5 5. Nf3 Bxc3+ 6. bxc3 Ne7 7. Qd4 Rg8 8. Bc4 Nec6 9. Qd5 Qf6 10. 0-0 d6 11. Bg5 Qe6 12. Qd3 Qd7 13. Rad1 a6 14. Rfe1 Ne5 15. Nxe5 dxe5 16. Qf3 1-0

[Event "Remote email"]
[Site "Remote email"]
[Date "2014.01.08"]
[Round "?"]
[White "Doering, Joerg"]
[Black "Balluff, Curt"]
[Result "0-1"]
[WhiteElo "1949"]
[BlackElo "2077"]
[PlyCount "60"]
[EventDate "2014.??.??"]
[EventType "tourn (corr)"]
[EventRounds "6"]
[EventCountry "GER"]
[SourceTitle "Corr 2015"]
[Source "ChessBase"]
[SourceDate "2015.07.17"]
[SourceVersion "1"]
[SourceVersionDate "2015.07.17"]
[SourceQuality "1"]

1. e4 e5 2. a3 Nf6 3. Nc3 Nc6 4. h3 d5 5. exd5 Nxd5 6. Nxd5 Qxd5 7. d3 Be6 8. Be2 g6 9. Bf3 Qd6 10. Bxc6+ Qxc6 11. Nf3 Bg7 12. 0-0 0-0-0 13. Re1 e4 14. Ng5 Bd5 15. Nxe4 Bxe4 16. Rb1 Bd5 17. Qg4+ f5 18. Qd1 Bxg2 19. Re3 Bd5 20. Qf1 Qxc2 21. Ra1 Rhe8 22. Rxe8 Rxe8 23. Be3 Rxe3 24. fxe3 Be5 25. Qf2 Qxd3 26. a4 Qe4 27. Kf1 Bxb2 28. Qd2 Bxa1 29. Ke2 Qg2+ 30. Kd3 Be4+ 0-1